Xẻ dọc Trường Sơn

সংরক্ষণ করুন:
গ্রন্থ-পঞ্জীর বিবরন
বিন্যাস: গ্রন্থ
ভাষা:Vietnamese
প্রকাশিত: H. Giao thông vận tải 1985
বিষয়গুলি:
ট্যাগগুলো: ট্যাগ যুক্ত করুন
কোনো ট্যাগ নেই, প্রথমজন হিসাবে ট্যাগ করুন!
Thư viện lưu trữ: Mạng thư viện Đại học Đà Nẵng
LEADER 00981nam a2200313 4500
001 000005482
003 1627
005 20120416080412.0
008 110816s1985 viesd
020 |c 10000đ 
041 0 |a vie 
082 |a 895.9228  |b Xed 
245 0 |a Xẻ dọc Trường Sơn 
260 |a H.  |b Giao thông vận tải  |c 1985 
300 |a 389 tr.  |b hình ảnh  |c 19 cm. 
653 |a Văn học Việt Nam 
653 |a Thơ 
653 |a Hồi ký 
910 |a Huỳnh Thị Cẩm Lai  |d 16/08/2011 
OWN |a LSP 
AVA |a UDN50  |b LSP  |d 895.9228 Xed  |e unavailable  |t Error 5002 Not defined in file expand_doc_bib_avail.  |f 1  |g 1  |h N  |i 0  |k 1 
999 |a From the UDN01 
AVA |a UDN50  |b LSP  |d 895.9228 Xed  |e unavailable  |t Error 5002 Not defined in file expand_doc_bib_avail.  |f 1  |g 1  |h N  |i 0  |k 1 
TYP |a Monograph 
TYP |a Printed language 
980 |a Mạng thư viện Đại học Đà Nẵng